LDR 00718naa#a2200193#i#450# 001 EN\\bibl\123450 005 20260706005551.1 011 ## _a1994-4683 100 ## _a20230731b2023####ek#y0engy0150####ca 102 ## _aRU 200 1# _aCONFLICTOGENIC POTENTIAL OF THE EDUCATIONAL ENVIRONMENT _eJournal article 210 1# _aMoscow _cNational State University of Physical Education, Sports and Health named after P.F. Lesgaft _d2023 215 ## _a3 с. 608 ## _aJournal article _2local 675 ## _aКачество чувств. Жизненный тонус. 159.942.22 _z 700 #1 _aSoldatova _gGalina Viktorovna 700 #1 _aZinoviev _gNikolay Alekseevich 700 #1 _aKupreev _gMarat Valer'evich 856 4# _auchzapiski.lesgaft.spb.ru _u